01124dac a22003131u 4500003000900000005001700009008004100026020001500067020001800082040004300100043001200143082002100155245006500176264006200241300005400303336002600357337002800383338002700411490004200438504005200480610004800532650005400580651001000634653001100644655001700655942001200672999001500684952011100699EG-ScBUE20221101143042.0170302s1999 vraae f b 001 0 eng d a1864700521 a9781864700527 aEG-ScBUEbengerdacEG-ScBUEdEG-ScBUE an-us---04a720.973222bHER00aHerbert S Newman and Partners :bselected and current works. aMulgrave, Victoria :bImages Publishing Group Ltd,c1999. a256 pages :bcolor illustrations, plans ;c31 cm. 2rdacontentatextbtxt 2rdamediaaunmediatedbn 2rdacarrieravolumebnc0 aMaster architect seriesx1320-7253v4 aIncludes bibliographical references and index. 27aHerbert S. Newman and Partners, P.C.2BUEsh 7aArchitecturezUnited Statesy20th century.2BUEsh 2BUEsh bENGARC vReading book cBB2ddc c3545d3545 00102ddc4070aMAINbMAINc2NDd2007-04-29ePurchasel0o720.973 HERp000030463r2025-07-15 00:00:00yBB